[Event "FIDE World Team Championship"]
[Site "Tsaghkadzor ARM"]
[Date "2015.04.19"]
[EventDate "2015.04.19"]
[Round "1.2"]
[Result "1-0"]
[White "Ding Liren"]
[Black "Samuel Shankland"]
[WhiteElo "2755"]
[BlackElo "2661"]
[PlyCount "149"]

1. c4 e6 2. d4 d5 3. Nf3 Nf6 4. Nc3 Be7 5. Bf4 O-O 6. e3 Nbd7
7. c5 Nh5 8. b4 Nxf4 9. exf4 c6 10. Bd3 b6 11. O-O a5 12. a3
Ba6 13. Bxa6 Rxa6 14. Qe2 Ra8 15. Ne5 Nxe5 16. fxe5 b5
17. Rab1 axb4 18. axb4 Qd7 19. Ra1 Ra7 20. Ra2 Rfa8 21. Rfa1
Qb7 22. Qb2 Ra6 23. g3 f5 24. exf6 Bxf6 25. Rxa6 Rxa6 26. Ne2
Qa8 27. Rxa6 Qxa6 28. Kg2 Qa8 29. Ng1 Qa4 30. Nf3 g5 31. Qe2
Kf7 32. Qd3 Kg7 33. Qe3 Kf7 34. Nxg5+ Bxg5 35. Qxg5 Qxb4
36. Qh5+ Kg7 37. Qe5+ Kf7 38. Qc7+ Kf6 39. Qe5+ Kf7 40. g4 Qb1
41. Qc7+ Kf6 42. Qd8+ Kf7 43. Qd7+ Kf6 44. h4 Qe4+ 45. Kg3 h6
46. Qe8 Kg7 47. Qe7+ Kg8 48. h5 b4 49. Qd8+ Kg7 50. Qc7+ Kf6
51. Qb8 Qd3+ 52. Kh4 Kg7 53. Qb7+ Kf6 54. Qb8 Kg7 55. Qxb4 Qe4
56. Kg3 Qd3+ 57. f3 Qe3 58. Qb1 Kf6 59. Qg6+ Ke7 60. Qg7+ Ke8
61. Qg8+ Ke7 62. Qg7+ Ke8 63. Qe5 Qg1+ 64. Kh3 Qh1+ 65. Kg3
Qg1+ 66. Kf4 Qh2+ 67. Ke3 Qg1+ 68. Kd2 Qf2+ 69. Kc3 Qxf3+
70. Kb4 Qxg4 71. Ka5 Qf5 72. Qc7 Qxh5 73. Qxc6+ Ke7 74. Qd6+
Kf6 75. c6 1-0

[Event "FIDE World Team Championship"]
[Site "Tsaghkadzor ARM"]
[Date "2015.04.20"]
[EventDate "2015.04.19"]
[Round "2.1"]
[Result "1/2-1/2"]
[White "Peter Leko"]
[Black "Ding Liren"]
[WhiteElo "2713"]
[BlackElo "2755"]
[PlyCount "61"]

1. e4 c6 2. d4 d5 3. e5 Bf5 4. Nf3 e6 5. Be2 Ne7 6. O-O c5
7. c4 dxc4 8. Na3 Nbc6 9. Nxc4 Nd5 10. a3 h6 11. Be3 Nxe3
12. fxe3 a6 13. Rc1 b5 14. Nd6+ Bxd6 15. exd6 Qxd6 16. Rxc5
O-O 17. Bd3 Ne7 18. b4 a5 19. Bxb5 axb4 20. axb4 Ra2 21. Bc4
Rb2 22. Qa4 Qb8 23. b5 Qa8 24. Qa1 Rc2 25. Rc1 Be4 26. Ne1
Qxa1 27. Rxa1 Rb2 28. Ra3 Nf5 29. Rb3 Rxb3 30. Bxb3 Rb8
31. Bc2 1/2-1/2

[Event "FIDE World Team Championship"]
[Site "Tsaghkadzor ARM"]
[Date "2015.04.21"]
[EventDate "2015.04.19"]
[Round "3.4"]
[Result "1/2-1/2"]
[White "Ding Liren"]
[Black "Alexander Grischuk"]
[WhiteElo "2755"]
[BlackElo "2794"]
[PlyCount "67"]

1. d4 Nf6 2. c4 g6 3. g3 Bg7 4. Bg2 c5 5. d5 d6 6. Nc3 O-O
7. Nf3 e6 8. O-O exd5 9. cxd5 Re8 10. Re1 a6 11. a4 Nbd7
12. e4 Ng4 13. Nd2 Nge5 14. Bf1 Nf8 15. a5 g5 16. f4 gxf4
17. gxf4 Ng4 18. Nf3 f5 19. h3 fxe4 20. Nxe4 Nf6 21. Ng3 Bd7
22. f5 Rxe1 23. Qxe1 Bb5 24. Bg2 h6 25. Ra3 Qd7 26. Nh2 Re8
27. Re3 Rxe3 28. Bxe3 Qe7 29. Qd2 Kh7 30. Ng4 Nxg4 31. hxg4
Qh4 32. Ne4 Be5 33. Bf3 Nd7 34. b3 1/2-1/2

[Event "FIDE World Team Championship"]
[Site "Tsaghkadzor ARM"]
[Date "2015.04.22"]
[EventDate "2015.04.19"]
[Round "4.1"]
[Result "1/2-1/2"]
[White "Levon Aronian"]
[Black "Ding Liren"]
[WhiteElo "2770"]
[BlackElo "2751"]
[PlyCount "38"]

1. c4 g6 2. Nc3 Bg7 3. d4 Nf6 4. e4 d6 5. Nge2 O-O 6. f3 c5
7. d5 e6 8. Ng3 exd5 9. cxd5 a6 10. a4 h5 11. Bg5 Qc7 12. Be2
Nh7 13. Be3 h4 14. Nf1 f5 15. exf5 gxf5 16. f4 Nf6 17. Bf2 Re8
18. Bxh4 Ne4 19. Ra3 Qa5 1/2-1/2

[Event "FIDE World Team Championship"]
[Site "Tsaghkadzor ARM"]
[Date "2015.04.25"]
[EventDate "2015.04.19"]
[Round "6.1"]
[Result "1/2-1/2"]
[White "Boris Gelfand"]
[Black "Ding Liren"]
[WhiteElo "2747"]
[BlackElo "2751"]
[PlyCount "53"]

1. d4 Nf6 2. c4 g6 3. Nc3 Bg7 4. e4 d6 5. Nf3 O-O 6. Be2 e5
7. Be3 Na6 8. O-O c6 9. Re1 Re8 10. d5 Ng4 11. Bc1 f5 12. exf5
gxf5 13. Ng5 Nf6 14. c5 h6 15. Bxa6 bxa6 16. dxc6 d5 17. c7
Qd7 18. Nf3 e4 19. Nd4 Qxc7 20. Nce2 Qxc5 21. Be3 Qd6 22. Qd2
Nh5 23. Ng3 Nxg3 24. fxg3 Bd7 25. Rf1 Rf8 26. Rf4 Kh7 27. Raf1
1/2-1/2

[Event "FIDE World Team Championship"]
[Site "Tsaghkadzor ARM"]
[Date "2015.04.26"]
[EventDate "2015.04.19"]
[Round "7.1"]
[Result "1/2-1/2"]
[White "Ding Liren"]
[Black "Ruslan Ponomariov"]
[WhiteElo "2751"]
[BlackElo "2713"]
[PlyCount "97"]

1. d4 Nf6 2. c4 e6 3. Nf3 d5 4. Nc3 c6 5. Bg5 Nbd7 6. e3 Qa5
7. cxd5 Nxd5 8. Rc1 Nxc3 9. bxc3 Ba3 10. Rc2 b6 11. Be2 Ba6
12. O-O Bxe2 13. Qxe2 O-O 14. Rd1 Rfe8 15. Bf4 Rac8 16. c4 c5
17. Ne5 Nxe5 18. dxe5 Bb4 19. Qg4 Kh8 20. h4 Qa4 21. Rcc1 Ba3
22. Rb1 Qxc4 23. Rd7 Rf8 24. Rxa7 Bb2 25. Qd1 Rcd8 26. Qb3
Qxb3 27. axb3 Bc3 28. Rb7 Ba5 29. Bg5 Rd2 30. Be7 Rc8 31. Bd6
Kg8 32. h5 h6 33. Rc1 f5 34. Rc4 Rd3 35. Ra4 Kh8 36. g4 fxg4
37. Rf4 Rg8 38. Rff7 Bc3 39. Kg2 Rd5 40. e4 Rd3 41. Rxb6 Rh3
42. f4 Ra8 43. Rf8+ Rxf8 44. Bxf8 Rf3 45. Bxc5 Rxf4 46. Rxe6
Rxe4 47. Re8+ Kh7 48. e6 Bf6 49. e7 1/2-1/2

[Event "FIDE World Team Championship"]
[Site "Tsaghkadzor ARM"]
[Date "2015.04.27"]
[EventDate "2015.04.19"]
[Round "8.1"]
[Result "1/2-1/2"]
[White "Leinier Dominguez Perez"]
[Black "Ding Liren"]
[WhiteElo "2729"]
[BlackElo "2751"]
[PlyCount "64"]

1. e4 c6 2. d4 d5 3. e5 Bf5 4. Nf3 e6 5. Be2 Ne7 6. O-O Nd7
7. Nbd2 h6 8. Nb3 g5 9. Ne1 Qc7 10. Nd3 b6 11. Be3 Bg7 12. f4
c5 13. dxc5 gxf4 14. cxb6 axb6 15. Bxf4 Ng6 16. Bg3 O-O
17. Nd4 Be4 18. c3 Ndxe5 19. Nf2 Qd8 20. Bh5 Qg5 21. Nxe4 dxe4
22. Qe2 e3 23. Bxg6 Nxg6 24. Nf3 Qc5 25. Rfe1 f5 26. Qxe3
Qxe3+ 27. Rxe3 f4 28. Rxe6 Kf7 29. Rxb6 fxg3 30. hxg3 Rfb8
31. Rxb8 Rxb8 32. Rf1 Ke6 1/2-1/2

[Event "FIDE World Team Championship"]
[Site "Tsaghkadzor ARM"]
[Date "2015.04.28"]
[EventDate "2015.04.19"]
[Round "9.1"]
[Result "1/2-1/2"]
[White "Ding Liren"]
[Black "Pentala Harikrishna"]
[WhiteElo "2751"]
[BlackElo "2731"]
[PlyCount "51"]

1. d4 Nf6 2. c4 e6 3. Nf3 b6 4. g3 Ba6 5. b3 Bb4+ 6. Bd2 Be7
7. Bg2 d5 8. cxd5 exd5 9. O-O O-O 10. Nc3 Re8 11. Re1 Bb7
12. Bc1 Na6 13. Bb2 c5 14. Rc1 Ne4 15. dxc5 Nxc3 16. Bxc3 bxc5
17. e3 Bf6 18. Qd2 Rc8 19. h4 h6 20. Red1 Qb6 21. Bxf6 Qxf6
22. Ne1 Qe7 23. Qb2 Red8 24. Rd2 Rd6 25. Rcd1 Rcd8 26. Nd3
1/2-1/2

[Event "Chinese Championship"]
[Site "Xinghua CHN"]
[Date "2015.05.18"]
[EventDate "2015.05.18"]
[Round "1.5"]
[Result "1/2-1/2"]
[White "Zhao Jun"]
[Black "Ding Liren"]
[WhiteElo "2613"]
[BlackElo "2757"]
[PlyCount "125"]

1. e4 e5 2. Nf3 Nc6 3. Bb5 a6 4. Ba4 Nf6 5. d3 d6 6. c3 g6
7. O-O Bg7 8. Re1 O-O 9. h3 Nb8 10. d4 Nbd7 11. Bc2 c6 12. Be3
Qc7 13. Nbd2 b5 14. b4 a5 15. dxe5 Nxe5 16. Nxe5 dxe5 17. Nb3
axb4 18. cxb4 Be6 19. Bd3 Nd7 20. Qc2 Rfc8 21. Rec1 Qb8
22. Be2 Bf8 23. a3 Ra6 24. Qb2 Rd8 25. Rc3 Nb6 26. Bxb6 Rxb6
27. Na5 Qa8 28. Nb3 Bd7 29. Rd1 Be8 30. Rxd8 Qxd8 31. Rd3 Qg5
32. g3 Ra6 33. h4 Qf6 34. Bg4 h5 35. Bh3 Ra8 36. Kg2 Rd8
37. Rxd8 Qxd8 38. Qxe5 Bg7 39. Qf4 Bb2 40. Nc5 Bxa3 41. e5 Bb2
42. e6 Qd5+ 43. Kh2 Be5 44. Qe3 Qd4 45. Qe2 Qb2 46. Qf3 Qxb4
47. Nd7 Qd4 48. exf7+ Bxf7 49. Nxe5 Qxe5 50. Qxc6 b4 51. Bf1
Qd4 52. Kg1 b3 53. Qb5 b2 54. Bd3 Kg7 55. Bc2 Qc3 56. Bd3 Bc4
57. Qb7+ Kh6 58. Qc8 Bxd3 59. Qxc3 b1=Q+ 60. Kh2 Kh7 61. Qc7+
Kg8 62. Qd8+ Kf7 63. Qd7+ 1/2-1/2

[Event "Chinese Championship"]
[Site "Xinghua CHN"]
[Date "2015.05.19"]
[EventDate "2015.05.18"]
[Round "2.2"]
[Result "1/2-1/2"]
[White "Ding Liren"]
[Black "Lu Shanglei"]
[WhiteElo "2757"]
[BlackElo "2606"]
[PlyCount "66"]

1. Nf3 d5 2. d4 Nf6 3. c4 e6 4. Nc3 dxc4 5. e4 Bb4 6. Bxc4
Nxe4 7. O-O Nxc3 8. bxc3 Be7 9. Ne5 O-O 10. Qg4 Nc6 11. Re1 f5
12. Qf3 Nxe5 13. Rxe5 Kh8 14. Bf4 g5 15. Bd2 Bd6 16. Rae1 Bxe5
17. Rxe5 Qf6 18. h4 g4 19. Qe2 f4 20. Qxg4 Bd7 21. Re4 f3
22. Qg3 Bc6 23. Rxe6 Qf5 24. d5 Bxd5 25. Re5 Qb1+ 26. Re1 Qf5
27. Re5 Qb1+ 28. Re1 Qf5 29. Be3 Bxc4 30. Bd4+ Rf6 31. Re5
Qb1+ 32. Kh2 Rg8 33. Rg5 Rxg5 1/2-1/2

[Event "Chinese Championship"]
[Site "Xinghua CHN"]
[Date "2015.05.20"]
[EventDate "2015.05.18"]
[Round "3.6"]
[Result "0-1"]
[White "Yu Yangyi"]
[Black "Ding Liren"]
[WhiteElo "2723"]
[BlackElo "2757"]
[PlyCount "58"]

1. e4 e5 2. Nf3 Nc6 3. Bb5 Nf6 4. d3 Bc5 5. c3 O-O 6. O-O Re8
7. b4 Bb6 8. Bc4 d6 9. a4 a5 10. b5 Ne7 11. Qb3 Rf8 12. Nbd2
Ng6 13. d4 Nh5 14. dxe5 Nxe5 15. Nxe5 dxe5 16. Nf3 Qf6 17. Bg5
Qg6 18. Be7 Nf4 19. Nh4 Qg4 20. g3 g5 21. Ng2 Nh3+ 22. Kh1 Qf3
23. Bxf8 Kxf8 24. Qa2 Bg4 25. Rae1 Rd8 26. Be2 Nxf2+ 27. Kg1
Qxc3 28. Rxf2 Bxf2+ 29. Kxf2 Rd2 0-1

[Event "Chinese Championship"]
[Site "Xinghua CHN"]
[Date "2015.05.21"]
[EventDate "2015.05.18"]
[Round "4.1"]
[Result "1-0"]
[White "Wei Yi"]
[Black "Ding Liren"]
[WhiteElo "2718"]
[BlackElo "2757"]
[PlyCount "71"]

1. e4 e5 2. Nf3 Nc6 3. Bb5 Nf6 4. O-O Nxe4 5. d4 Nd6 6. Bxc6
dxc6 7. dxe5 Nf5 8. Qxd8+ Kxd8 9. h3 Bd7 10. Rd1 Be7 11. g4
Nh4 12. Nxh4 Bxh4 13. Nd2 Kc8 14. Nf3 Be7 15. Rd3 h6 16. Nd4
b6 17. Rf3 Be8 18. Nf5 Bf8 19. b3 Bd7 20. Bb2 Be6 21. Nd4 Bd5
22. Re3 Bc5 23. c4 Be6 24. f4 g6 25. Rf1 Kb7 26. Kg2 Rad8
27. Rd3 h5 28. Nxe6 Rxd3 29. Nxc5+ bxc5 30. e6 Rhd8 31. exf7
Rd2+ 32. Rf2 Rxf2+ 33. Kxf2 Rf8 34. f5 Rxf7 35. Kg3 gxf5
36. g5 1-0

[Event "Chinese Championship"]
[Site "Xinghua CHN"]
[Date "2015.05.22"]
[EventDate "2015.05.18"]
[Round "5.6"]
[Result "1-0"]
[White "Ding Liren"]
[Black "Liu Qingnan"]
[WhiteElo "2757"]
[BlackElo "2523"]
[PlyCount "75"]

1. d4 d5 2. c4 c6 3. Nf3 Nf6 4. Nc3 e6 5. e3 Nbd7 6. Bd3 Bd6
7. e4 dxe4 8. Nxe4 Nxe4 9. Bxe4 Nf6 10. Bc2 b6 11. O-O O-O
12. Qd3 h6 13. Rd1 Bb7 14. Ne5 c5 15. Ng4 Ne4 16. dxc5 Bxc5
17. Qe2 Qe7 18. Bxe4 Bxe4 19. Qxe4 f5 20. Nxh6+ gxh6 21. Qf3
Qf6 22. Bf4 Rad8 23. Qg3+ Kh7 24. Be5 Qg5 25. Qf3 Rf7 26. Rxd8
Qxd8 27. Rd1 Rd7 28. Rxd7+ Qxd7 29. h4 Bd4 30. Qe2 Bxe5
31. Qxe5 Qd1+ 32. Kh2 Qg4 33. Qc7+ Kg6 34. Qg3 Kh5 35. Qxg4+
Kxg4 36. b4 Kf4 37. f3 Ke5 38. g4 1-0

[Event "Chinese Championship"]
[Site "Xinghua CHN"]
[Date "2015.05.24"]
[EventDate "2015.05.18"]
[Round "6.2"]
[Result "1/2-1/2"]
[White "Wen Yang"]
[Black "Ding Liren"]
[WhiteElo "2583"]
[BlackElo "2757"]
[PlyCount "59"]

1. g3 g6 2. Bg2 Bg7 3. e4 c5 4. Nc3 Nc6 5. d3 d6 6. Be3 Nf6
7. Nge2 O-O 8. O-O Rb8 9. h3 b5 10. a3 a5 11. Qd2 b4 12. axb4
cxb4 13. Nd5 Nd7 14. d4 Ba6 15. Rfd1 Bb5 16. b3 Re8 17. c4
bxc3 18. Nexc3 Ba6 19. Rab1 Nf8 20. Nf4 e5 21. dxe5 dxe5
22. Qxd8 Rexd8 23. Rxd8 Rxd8 24. Nfd5 Rb8 25. Bf1 Bxf1
26. Kxf1 Nd7 27. Na4 Nd4 28. b4 axb4 29. Rxb4 Rxb4 30. Nxb4
1/2-1/2

[Event "Chinese Championship"]
[Site "Xinghua CHN"]
[Date "2015.05.25"]
[EventDate "2015.05.18"]
[Round "7.5"]
[Result "1-0"]
[White "Ding Liren"]
[Black "Wang Hao"]
[WhiteElo "2757"]
[BlackElo "2710"]
[PlyCount "41"]

1. c4 c6 2. Nf3 d5 3. d4 Nf6 4. e3 Bg4 5. h3 Bxf3 6. Qxf3 e6
7. a3 Bd6 8. Nc3 O-O 9. g4 Nbd7 10. h4 e5 11. g5 exd4 12. exd4
Ne4 13. Nxe4 Qe7 14. c5 Bc7 15. Be3 dxe4 16. Qf5 b6 17. O-O-O
Rab8 18. h5 bxc5 19. dxc5 Rfd8 20. Bc4 Be5 21. b4 1-0

[Event "Chinese Championship"]
[Site "Xinghua CHN"]
[Date "2015.05.26"]
[EventDate "2015.05.18"]
[Round "8.3"]
[Result "1/2-1/2"]
[White "Wan Yunguo"]
[Black "Ding Liren"]
[WhiteElo "2472"]
[BlackElo "2757"]
[PlyCount "69"]

1. e4 e5 2. Nf3 Nc6 3. Bb5 Nf6 4. O-O Nxe4 5. Re1 Nd6 6. Nxe5
Be7 7. Bf1 Nxe5 8. Rxe5 O-O 9. d4 Ne8 10. Re1 d5 11. Bf4 Bd6
12. Bxd6 Nxd6 13. c3 c6 14. Bd3 Bf5 15. Bxf5 Nxf5 16. Nd2 Nd6
17. Qc2 Re8 18. h3 Qd7 19. Qd3 Qf5 20. Qxf5 Nxf5 21. Kf1 f6
22. Rxe8+ Rxe8 23. Re1 Rxe1+ 24. Kxe1 Kf7 25. Ke2 Nd6 26. Kd3
Ke6 27. Ke3 h5 28. g4 hxg4 29. hxg4 g5 30. f3 b6 31. b3 Nb5
32. Kd3 Nd6 33. Ke3 Nb5 34. Kd3 Nd6 35. Ke3 1/2-1/2

[Event "Chinese Championship"]
[Site "Xinghua CHN"]
[Date "2015.05.27"]
[EventDate "2015.05.18"]
[Round "9.4"]
[Result "1/2-1/2"]
[White "Ding Liren"]
[Black "Zhou Jianchao"]
[WhiteElo "2757"]
[BlackElo "2589"]
[PlyCount "76"]

1. d4 d5 2. c4 c6 3. Nf3 Nf6 4. Nc3 a6 5. e3 Bf5 6. Qb3 b5
7. c5 a5 8. Nh4 e6 9. Nxb5 a4 10. Qd1 cxb5 11. Nxf5 exf5
12. Bxb5+ Nbd7 13. O-O Qa5 14. Bd3 g6 15. Bd2 Qc7 16. b4 Ne4
17. Be1 Bh6 18. b5 O-O 19. Rb1 Rfb8 20. Kh1 f4 21. f3 Nexc5
22. dxc5 Nxc5 23. exf4 Nxd3 24. Qxd3 Qc4 25. Qxc4 dxc4 26. Bc3
Rb7 27. g3 Rab8 28. Be5 Rc8 29. Rfc1 Bg7 30. Bxg7 Kxg7 31. Rc3
a3 32. Kg2 Rc5 33. b6 Rc6 34. Rxa3 Rbxb6 35. Rxb6 Rxb6 36. Rc3
Rb2+ 37. Kh3 Rxa2 38. Rxc4 Ra3 1/2-1/2

[Event "Chinese Championship"]
[Site "Xinghua CHN"]
[Date "2015.05.28"]
[EventDate "2015.05.18"]
[Round "10.4"]
[Result "1/2-1/2"]
[White "Lin Chen"]
[Black "Ding Liren"]
[WhiteElo "2460"]
[BlackElo "2757"]
[PlyCount "110"]

1. e4 c5 2. Nf3 d6 3. Bb5+ Nd7 4. d4 cxd4 5. Qxd4 a6 6. Bxd7+
Bxd7 7. Bg5 Rc8 8. Nc3 h6 9. Bh4 e5 10. Qd3 g5 11. Bg3 Nf6
12. O-O-O Qc7 13. Kb1 Qc4 14. Qxc4 Rxc4 15. Nd2 Rc6 16. f3 b5
17. a3 h5 18. h3 h4 19. Bh2 Be7 20. Nf1 O-O 21. Ne3 Rfc8
22. Ncd5 Nxd5 23. Nxd5 Kf8 24. c3 a5 25. g4 hxg3 26. Bxg3 Be6
27. Bf2 Bd8 28. Be3 f5 29. exf5 Bxf5+ 30. Ka1 Kf7 31. Rhg1
Bxh3 32. Bxg5 Be6 33. Bxd8 Rxd8 34. f4 Rc5 35. Ne3 b4 36. fxe5
bxc3 37. Rgf1+ Ke8 38. Rxd6 Rxd6 39. exd6 c2 40. Rc1 Bb3
41. Nxc2 Rxc2 42. Rxc2 Bxc2 43. b4 a4 44. b5 Kd7 45. b6 Kxd6
46. b7 Kc7 47. b8=N Kxb8 48. Kb2 Bb3 49. Ka1 Kc7 50. Kb2 Kd6
51. Ka1 Kc5 52. Kb2 Kd4 53. Ka1 Kc3 54. Kb1 Bc4 55. Ka1 Kc2
1/2-1/2

[Event "Chinese Championship"]
[Site "Xinghua CHN"]
[Date "2015.05.29"]
[EventDate "2015.05.18"]
[Round "11.3"]
[Result "1-0"]
[White "Ding Liren"]
[Black "Wang Chen"]
[WhiteElo "2757"]
[BlackElo "2536"]
[PlyCount "83"]

1. d4 Nf6 2. c4 e6 3. g3 Bb4+ 4. Nd2 c5 5. a3 Bxd2+ 6. Qxd2
Nc6 7. Nf3 Ne4 8. Qd3 Qa5+ 9. Nd2 d5 10. Bg2 Nxd4 11. cxd5
exd5 12. b4 Qb5 13. Qxb5+ Nxb5 14. Nxe4 dxe4 15. Bxe4 cxb4
16. axb4 O-O 17. Be3 Re8 18. Bf3 Re7 19. O-O Be6 20. Rfd1 f6
21. h4 a6 22. Bc5 Rc7 23. Rd3 Re8 24. Rad1 g6 25. g4 Kf7
26. g5 Bf5 27. Rd8 Nc3 28. Rxe8 Kxe8 29. Rd6 fxg5 30. hxg5 Rd7
31. Rf6 Rf7 32. Rb6 Na4 33. Rxb7 Rxb7 34. Bxb7 Nxc5 35. bxc5
a5 36. e4 Bh3 37. Bc6+ Kd8 38. f4 Bd7 39. Bd5 a4 40. Kf2 a3
41. Ke3 Bc6 42. Ba2 1-0

[Event "Chinese Team Championship"]
[Site "China CHN"]
[Date "2015.06.04"]
[EventDate "2015.04.10"]
[Round "5.3"]
[Result "1/2-1/2"]
[White "Yu Yangyi"]
[Black "Ding Liren"]
[WhiteElo "2724"]
[BlackElo "2755"]
[PlyCount "53"]

1. e4 e5 2. Nf3 Nc6 3. Bb5 a6 4. Ba4 Nf6 5. O-O Be7 6. Re1 b5
7. Bb3 d6 8. c3 O-O 9. h3 Nb8 10. d4 Nbd7 11. c4 c6 12. Qc2
Bb7 13. Nc3 exd4 14. Nxd4 Re8 15. a3 Bf8 16. Bg5 h6 17. Bh4
Qb6 18. Nf5 bxc4 19. Bxc4 d5 20. Ba2 Re6 21. Rad1 Rae8 22. Nd4
R6e7 23. Nf5 Re6 24. Nd4 R6e7 25. Nf5 Re6 26. Nd4 R6e7 27. Nf5
1/2-1/2

[Event "Chinese Team Championship"]
[Site "China CHN"]
[Date "2015.06.05"]
[EventDate "2015.04.10"]
[Round "6.4"]
[Result "1/2-1/2"]
[White "Ding Liren"]
[Black "Bu Xiangzhi"]
[WhiteElo "2755"]
[BlackElo "2681"]
[PlyCount "60"]

1. e4 e5 2. Nf3 Nf6 3. Nxe5 d6 4. Nf3 Nxe4 5. Nc3 Nxc3 6. dxc3
Be7 7. Be3 Nc6 8. Qd2 Be6 9. O-O-O Qd7 10. Kb1 Bf6 11. h4 h6
12. Nd4 Bxd4 13. Bxd4 Nxd4 14. Qxd4 O-O 15. Rg1 Qe7 16. Bd3
Rfe8 17. Rde1 Qf6 18. Qxf6 gxf6 19. Kc1 Bd7 20. Kd2 Re5 21. f4
Rxe1 22. Rxe1 f5 23. Re7 Rd8 24. Bc4 c6 25. Be2 Kf8 26. Re3 d5
27. c4 dxc4 28. Bxc4 Be6+ 29. Rd3 Rxd3+ 30. Bxd3 Ke7 1/2-1/2

[Event "Chinese Team Championship"]
[Site "China CHN"]
[Date "2015.06.06"]
[EventDate "2015.04.10"]
[Round "7.4"]
[Result "0-1"]
[White "Ziji Zhang"]
[Black "Ding Liren"]
[WhiteElo "2223"]
[BlackElo "2755"]
[PlyCount "80"]

1. d4 d6 2. e4 Nf6 3. Nc3 g6 4. Nf3 Bg7 5. Be2 O-O 6. O-O c6
7. a4 Qc7 8. h3 e5 9. dxe5 dxe5 10. Be3 Nh5 11. Bc4 Nf4
12. Qb1 Qe7 13. Qc1 Be6 14. Bxe6 Nxe6 15. Rd1 Nd7 16. Qd2 Rfd8
17. a5 Ndc5 18. Qe2 Nd4 19. Qc4 Nce6 20. Bxd4 Nxd4 21. Ne2
Nxf3+ 22. gxf3 Qf6 23. Kg2 Bf8 24. Nc3 b5 25. axb6 axb6
26. Rxa8 Rxa8 27. Ne2 h5 28. Qc3 Qg5+ 29. Kf1 Qh4 30. Kg2 Bc5
31. Ng3 Qf6 32. Ne2 Qg5+ 33. Kh2 Qh4 34. Rf1 Rd8 35. b4 Bxf2
36. Qxe5 Rd2 37. Qe8+ Kg7 38. Qe5+ Kh7 39. Qe8 Bg3+ 40. Kg1
Kg7 0-1

[Event "6th Hainan Danzhou"]
[Site "Danzhou CHN"]
[Date "2015.07.02"]
[EventDate "2015.07.02"]
[Round "1.2"]
[Result "1/2-1/2"]
[White "Ding Liren"]
[Black "Wei Yi"]
[WhiteElo "2749"]
[BlackElo "2724"]
[PlyCount "60"]

1. c4 g6 2. e4 e5 3. Nf3 Bg7 4. d4 exd4 5. Nxd4 Nf6 6. Nc3 O-O
7. Be2 Re8 8. f3 c6 9. Bf4 d5 10. cxd5 cxd5 11. Ndb5 Na6
12. O-O d4 13. Nd5 Nxd5 14. exd5 d3 15. Bxd3 Qxd5 16. Nd6 Qd4+
17. Kh1 Rd8 18. Be4 Nc5 19. Nb5 Qxd1 20. Raxd1 Be6 21. Nc7
Nxe4 22. fxe4 Bg4 23. Rd5 Rac8 24. b3 Be6 25. Rxd8+ Rxd8
26. Nxe6 fxe6 27. h3 Rf8 28. Rf3 Rd8 29. Rf1 Rf8 30. Rf3 Rd8
1/2-1/2

[Event "6th Hainan Danzhou"]
[Site "Danzhou CHN"]
[Date "2015.07.03"]
[EventDate "2015.07.02"]
[Round "2.5"]
[Result "1/2-1/2"]
[White "Bu Xiangzhi"]
[Black "Ding Liren"]
[WhiteElo "2695"]
[BlackElo "2749"]
[PlyCount "90"]

1. d4 Nf6 2. Nf3 g6 3. Bf4 Bg7 4. c3 O-O 5. e3 d6 6. h3 c5
7. dxc5 dxc5 8. Nbd2 Nc6 9. Be2 Bf5 10. O-O Qc8 11. Qb3 b6
12. Rfd1 Qb7 13. Nc4 Rad8 14. Nfe5 Nxe5 15. Nxe5 Be6 16. Bc4
Bxc4 17. Qxc4 e6 18. Qa4 Nd5 19. Qe4 b5 20. Bg3 c4 21. Rd2 Qa6
22. Qc2 Nb6 23. Rxd8 Rxd8 24. Rd1 Qc8 25. e4 h5 26. h4 Bf6
27. Rd2 Nd7 28. Nxd7 Rxd7 29. Qd1 Rxd2 30. Qxd2 a5 31. f3 Be7
32. a3 Qd8 33. Qxd8+ Bxd8 34. Kf2 Kf8 35. f4 Ke8 36. Kf3 Kd7
37. e5 Kc6 38. Ke4 Be7 39. Be1 Bc5 40. g3 Bg1 41. Bd2 Bf2
42. Kf3 Bc5 43. Ke4 Bf2 44. Kf3 Bc5 45. Ke4 Bf2 1/2-1/2

[Event "6th Hainan Danzhou"]
[Site "Danzhou CHN"]
[Date "2015.07.04"]
[EventDate "2015.07.02"]
[Round "3"]
[Result "1-0"]
[White "Ding Liren"]
[Black "Wang Chen"]
[WhiteElo "2749"]
[BlackElo "2521"]
[PlyCount "65"]

1. d4 Nf6 2. c4 e6 3. Nf3 d5 4. g3 g6 5. Bg2 Bg7 6. O-O O-O
7. Qc2 Nc6 8. Rd1 Qe7 9. Bf4 Rd8 10. Na3 h6 11. Ne5 Nb4
12. Qc1 Kh7 13. Nb5 Na6 14. Qc2 Bd7 15. Rac1 Be8 16. Nc3 c6
17. e4 Nh5 18. exd5 Nxf4 19. gxf4 exd5 20. cxd5 Nb4 21. Qb3 f6
22. Ng4 cxd5 23. a3 h5 24. Ne3 Nc6 25. Ncxd5 Qd7 26. f5 g5
27. Qd3 Bf7 28. b4 Qd6 29. b5 Ne7 30. Nc7 Rab8 31. Ne6 Rdc8
32. Nc4 Qd7 33. d5 1-0

[Event "6th Hainan Danzhou"]
[Site "Danzhou CHN"]
[Date "2015.07.05"]
[EventDate "2015.07.02"]
[Round "4"]
[Result "1/2-1/2"]
[White "Ding Liren"]
[Black "Lazaro Bruzon Batista"]
[WhiteElo "2749"]
[BlackElo "2669"]
[PlyCount "80"]

1. d4 Nf6 2. c4 e6 3. Nf3 b6 4. g3 Bb7 5. Bg2 Bb4+ 6. Bd2 Be7
7. Nc3 c6 8. O-O d5 9. Qb3 O-O 10. Rfd1 Nbd7 11. Bg5 Rc8
12. Rac1 h6 13. Bxf6 Bxf6 14. e4 dxc4 15. Qxc4 c5 16. d5 exd5
17. Nxd5 Bxb2 18. Rb1 Bd4 19. Nxd4 cxd4 20. Qxd4 Nc5 21. Qe3
Bxd5 22. Rxd5 Qe7 23. Rbd1 Rfd8 24. e5 Rxd5 25. Bxd5 Rd8
26. f4 Ne6 27. f5 Nc7 28. Bb3 Rxd1+ 29. Bxd1 Nd5 30. Qd4 Qc5
31. Qxc5 bxc5 32. Bb3 Ne3 33. e6 Kf8 34. Kf2 Nxf5 35. exf7 Ke7
36. a4 g5 37. g4 Nd6 38. Ke3 a5 39. Kd3 Kf8 40. Bd5 Ke7
1/2-1/2

[Event "6th Hainan Danzhou"]
[Site "Danzhou CHN"]
[Date "2015.07.06"]
[EventDate "2015.07.02"]
[Round "5"]
[Result "1-0"]
[White "Wang Yue"]
[Black "Ding Liren"]
[WhiteElo "2716"]
[BlackElo "2749"]
[PlyCount "115"]

1. d4 Nf6 2. c4 g6 3. Nc3 Bg7 4. e4 d6 5. Be2 O-O 6. Bg5 c5
7. d5 e6 8. Nf3 exd5 9. cxd5 h6 10. Bh4 g5 11. Bg3 Nh5 12. Nd2
Nxg3 13. hxg3 Nd7 14. Nc4 Nf6 15. a4 b6 16. Qc2 Re8 17. O-O a6
18. Rfe1 Rb8 19. Ne3 Qe7 20. Bd3 h5 21. e5 dxe5 22. Ne4 Ng4
23. Nxg4 Bxg4 24. d6 Qd8 25. Bxa6 f5 26. f3 fxe4 27. fxg4 Qxd6
28. Rad1 Qh6 29. gxh5 e3 30. Qe4 Red8 31. Rxd8+ Rxd8 32. g4
Qf6 33. Rf1 Rd4 34. Qxe3 Rf4 35. b3 Qd8 36. Rxf4 gxf4 37. Qd3
Qh4 38. Qd5+ Kf8 39. Qd6+ Kg8 40. Qe6+ Kf8 41. Qd6+ Kg8
42. Bc4+ Kh8 43. Qb8+ Kh7 44. Bd3+ Kh6 45. Qd6+ Qf6 46. Qxf6+
Bxf6 47. Kf2 Bh4+ 48. Kf3 Kg5 49. Be2 Be1 50. Ke4 Bc3 51. Bf3
Bb4 52. Kxe5 Bc3+ 53. Kd5 Bd2 54. Kc6 Ba5 55. Bd1 Kh6 56. b4
cxb4 57. Bb3 Kg5 58. Kd5 1-0

[Event "6th Hainan Danzhou"]
[Site "Danzhou CHN"]
[Date "2015.07.07"]
[EventDate "2015.07.02"]
[Round "6"]
[Result "1-0"]
[White "Ding Liren"]
[Black "Yu Yangyi"]
[WhiteElo "2749"]
[BlackElo "2736"]
[PlyCount "113"]

1. d4 Nf6 2. c4 e6 3. Nf3 d5 4. Nc3 Bb4 5. cxd5 exd5 6. Bg5 h6
7. Bh4 c5 8. e3 c4 9. Be2 Bf5 10. O-O Bxc3 11. bxc3 O-O
12. Nd2 g5 13. Bg3 Re8 14. Be5 Nc6 15. f4 Ne4 16. Nxe4 Bxe4
17. Bh5 Rf8 18. Qg4 Qe7 19. fxg5 Nxe5 20. dxe5 Qxg5 21. Rf4
Rae8 22. Raf1 Qxg4 23. Rxg4+ Kh8 24. Rxf7 Rxf7 25. Bxf7 Rxe5
26. Rg8+ Kh7 27. Rb8 Re7 28. Bh5 Kg7 29. Kf2 Kf6 30. Bf3 Ke5
31. a4 Rf7 32. Ke2 Bf5 33. h4 b6 34. Re8+ Kd6 35. Rh8 Rh7
36. Rd8+ Rd7 37. Rf8 Ke5 38. g4 Bc2 39. Kd2 Bxa4 40. Rf5+ Kd6
41. Rf6+ Kc5 42. Rxh6 Rf7 43. Be2 Rf2 44. g5 Bc2 45. Ke1 Rf8
46. Bg4 Bd3 47. Rf6 Rxf6 48. gxf6 Kd6 49. h5 a5 50. f7 Ke7
51. Be6 a4 52. Kd2 Be4 53. h6 a3 54. Kc1 b5 55. Bxd5 a2
56. Kb2 Bb1 57. h7 1-0